[Event "BLR-ch"]
[Site "Minsk"]
[Date "2023.01.14"]
[Round "6"]
[White "Lazavik, Denis"]
[Black "Alishevich, Aleksandr Vl"]
[Result "1/2-1/2"]
[WhiteElo "2532"]
[BlackElo "2070"]
[PlyCount "72"]
[EventDate "2023.01.09"]
[EventType "tourn"]
[EventRounds "9"]
[EventCountry "BLR"]
[EventCategory "4"]
[SourceTitle "CBM 212 Extra"]
[Source "ChessBase"]
[SourceDate "2023.03.31"]
[SourceVersion "1"]
[SourceVersionDate "2023.03.31"]
[SourceQuality "1"]

1. d4 Nf6 2. c4 e6 3. Nf3 d5 4. Nc3 Bb4 5. Qa4+ Nc6 6. a3 Bxc3+ 7. bxc3 Bd7 8. cxd5 exd5 9. Bg5 h6 10. Bxf6 Qxf6 11. e3 Qd6 12. Bd3 0-0 13. 0-0 Ne7 14. Qb3 Rab8 15. a4 a5 16. c4 dxc4 17. Bxc4 Ng6 18. Qc3 b6 19. Rfc1 c6 20. Bd3 Rfc8 21. h3 c5 22. Qa3 Qf6 23. Bxg6 fxg6 24. Ne5 Be6 25. Qb2 Kh7 26. f4 Qf5 27. Qb1 cxd4 28. Nc6 Rb7 29. Nxd4 Rxc1+ 30. Qxc1 Qe4 31. Nxe6 Qxe6 32. Kh2 b5 33. axb5 Rxb5 34. Ra4 Rb3 35. Rxa5 Qxe3 36. Qxe3 Rxe3 1/2-1/2

[Event "BLR-ch"]
[Site "Minsk"]
[Date "2023.01.10"]
[Round "2"]
[White "Zarubitski, Viachaslau"]
[Black "Alishevich, Aleksandr Vl"]
[Result "1-0"]
[WhiteElo "2458"]
[BlackElo "2070"]
[PlyCount "159"]
[EventDate "2023.01.09"]
[EventType "tourn"]
[EventRounds "9"]
[EventCountry "BLR"]
[EventCategory "4"]
[SourceTitle "CBM 212 Extra"]
[Source "ChessBase"]
[SourceDate "2023.03.31"]
[SourceVersion "1"]
[SourceVersionDate "2023.03.31"]
[SourceQuality "1"]

1. Nf3 Nf6 2. g3 d5 3. Bg2 e6 4. 0-0 Be7 5. d3 0-0 6. Nbd2 a5 7. e4 a4 8. e5 Nfd7 9. a3 c5 10. Re1 Nc6 11. Nf1 f6 12. exf6 Nxf6 13. Bf4 Bd6 14. Bxd6 Qxd6 15. c4 Bd7 16. Rc1 Kh8 17. d4 cxd4 18. Nxd4 Na5 19. c5 Qa6 20. Nd2 Rac8 21. Rc3 b5 22. c6 Nxc6 23. Nxe6 Rfe8 24. Nc5 Qa7 25. Nxd7 Qxd7 26. Rxe8+ Rxe8 27. Nf1 Qd6 28. Ne3 Rd8 29. Rc1 h6 30. Qd3 b4 31. Qa6 Nd4 32. Qxd6 Rxd6 33. Rc8+ Kh7 34. axb4 Rb6 35. Nxd5 Nxd5 36. Bxd5 Rxb4 37. Be4+ g6 38. Rc7+ Kg8 39. Bd5+ Kh8 40. Rc4 Ne2+ 41. Kf1 Rxb2 42. Rxa4 Nc3 43. Ra8+ Kg7 44. Ra7+ Kf6 45. Rf7+ Ke5 46. Bf3 Rb6 47. Kg2 Nb5 48. Bg4 Nd4 49. f4+ Ke4 50. Re7+ Kd3 51. Kh3 Rc6 52. Bd7 Rb6 53. Be8 Nf5 54. Re5 Ne3 55. Re7 Nf5 56. Rh7 Ke4 57. Rh8 Kf3 58. Bd7 Rf6 59. Bxf5 gxf5 60. Ra8 Kf2 61. Ra2+ Kf3 62. Rb2 Ke3 63. Kh4 Kf3 64. Kh5 Re6 65. Rc2 Rd6 66. Kh4 Re6 67. Ra2 Rd6 68. Kh5 Re6 69. Ra3+ Ke4 70. Ra8 Kf3 71. Rg8 Kg2 72. h4 Kh3 73. Rg6 Rxg6 74. Kxg6 Kxg3 75. Kxf5 Kxh4 76. Kg6 Kg4 77. f5 h5 78. f6 h4 79. f7 h3 80. f8Q 1-0